Normal view
MARC view
- Deshpande, B. P. / Rajput, N. N
Entry Personal Name
001 - CONTROL NUMBER
- control field: 70065
003 - CONTROL NUMBER IDENTIFIER
- control field: OSt
005 - DATE AND TIME OF LATEST TRANSACTION
- control field: 20220806111726.0
008 - FIXED-LENGTH DATA ELEMENTS
- fixed length control field: 220806|| aca||aabn | a|a d
040 ## - CATALOGING SOURCE
- Original cataloging agency: OSt
- Transcribing agency: OSt
100 ## - HEADING--PERSONAL NAME
- Personal name: Deshpande, B. P. / Rajput, N. N
670 ## - SOURCE DATA FOUND
- Source citation: Work cat.: (OSt)39264: Deshpande, B. P. / Rajput, N. N., Statistical Methods - Ii, (paper-ii), 2015